| 000 | 00339nam a2200145 i 4500 | ||
|---|---|---|---|
| 001 | bg | ||
| 100 | 1 |
_aOtto, Edward _d(1908-1986). |
|
| 245 | 0 |
_aGeometria wykreślna / _cEdward Otto. |
|
| 250 | _aWyd.2 popr. | ||
| 260 |
_aWarszawa, _c1954. |
||
| 040 | _cBPK | ||
| 041 | _apol | ||
| 942 | _cKS | ||
| 008 | s pl f |000 0 pol | ||
| 999 |
_c20220 _d20220 |
||
| 856 |
_uhttp://koha.tu.koszalin.pl/cgi-bin/koha/opac-detail.pl?biblionumber=20220 _yKatalog online BPK |
||